Learn day + month Luxembourgish - Statistics

General Stats
  • This quiz has been taken 4 times
  • The average score is 15 of 19
Answer Stats
English Luxembourgish % Correct
August August
100%
December Dezember
100%
February Februar
100%
January Januar
100%
July Juli
100%
June Juni
100%
November November
100%
September September
100%
April Abrëll
75%
Friday Freideg
75%
May Mee
75%
Monday Méindeg
75%
Wednesday Mëttwoch
75%
October Oktober
75%
Sunday Sonndeg
75%
Thursday Donneschdeg
50%
March Mäerz
50%
Tuesday Dënschdeg
25%
Saturday Samschdeg
25%
No matching quizzes found
Score Distribution
Percent of People with Each Score
Percentile by Number Answered
Your Score History
You have not taken this quiz